El curso de leyes de los Sagrados Corazones de Valparaíso: reminiscencias de una iniciativa particular con treinta años de vida, 1894-1895 1903-1931.

Guardat en:
Dades bibliogràfiques
Autor principal: Hernández Cornejo, Roberto (autor)
Format: Llibre
Idioma:espanyol
Publicat: Valparaíso, Chile Fisher 1932
Matèries:
Etiquetes: Afegir etiqueta
Sense etiquetes, Sigues el primer a etiquetar aquest registre!

MARC

LEADER 00000cam a2200000 a 4500
001 UCS2607
003 CL-VaPUC
005 20240917083646.0
008 970604e19320000CL |||||||||||||||||spa|d
651 0 |a Valparaíso, Chile  |9 261144 
999 |c 260550  |d 260548 
040 |c Pontificia Universidad Católica de Valparaíso 
082 0 4 |a 340.07 HER 1932  |2 21 
100 |a Hernández Cornejo, Roberto  |e autor  |9 596271 
245 1 3 |a El curso de leyes de los Sagrados Corazones de Valparaíso: reminiscencias de una iniciativa particular con treinta años de vida, 1894-1895 1903-1931. 
260 0 3 |a Valparaíso, Chile  |b Fisher  |c 1932 
300 |a 162 páginas. 
500 |a Incluye fotografías de profesores y alumnos de la época 
583 |a last modification  |c 20150703 12:07:39  |k Rodrigo Vera 
650 0 |a Universidades  |9 256317 
650 0 |a Abogados  |9 256284 
650 0 |a Historia del derecho  |9 255109 
650 7 |a HERALDICA  |2 CL-VaPUC  |9 388228 
650 0 |a Educación superior   |9 223851 
942 |c BK  |2 ddc 
945 |d 19970604 00:00:00  |a paguirre 
952 |0 0  |1 0  |2 ddc  |4 0  |5 3  |6 340_070000000000000_HER_1932  |7 1  |8 C_LRYV  |9 286741  |a FDOBRV  |b BIBDER  |d 2019-11-19  |i 1861751  |o 340.07 HER 1932  |p 1861751  |r 2023-01-25  |t 5  |w 2019-11-19  |y BK_X  |k BRV 
952 |0 0  |1 0  |2 ddc  |4 0  |5 3  |6 340_070000000000000_HER_1932  |7 1  |8 C_LRYV  |9 286742  |a FDOBRV  |b BIBDER  |d 2019-11-19  |i 186176K  |o 340.07 HER 1932  |p 186176K  |r 2023-01-25  |t 6  |w 2019-11-19  |y BK_X  |k BRV 
952 |0 0  |1 0  |2 ddc  |4 0  |5 3  |6 340_070000000000000_HER_1932  |7 1  |8 C_LRYV  |9 286743  |a FDOBRV  |b BIBDER  |d 2019-11-19  |i 333161K  |l 1  |o 340.07 HER 1932  |p 333161K  |r 2023-05-31  |s 2023-05-23  |t 7  |w 2019-11-19  |y BK_X  |k BRV 
952 |0 0  |1 0  |2 ddc  |4 0  |5 3  |6 340_070000000000000_HER_1932  |7 4  |8 C_LRYV  |9 286744  |a FDOBRV  |b BIBDER  |d 2019-11-19  |i 3331628  |l 2  |o 340.07 HER 1932  |p 3331628  |r 2024-05-08  |s 2024-05-07  |t 8  |w 2019-11-19  |y BK_X  |k BRV 
952 |0 0  |1 0  |2 ddc  |4 0  |5 3  |6 340_070000000000000_HER_1932  |7 4  |8 C_LRYV  |9 286745  |a FDOBRV  |b BIBDER  |d 2019-11-19  |i 3331636  |o 340.07 HER 1932  |p 3331636  |r 2023-01-25  |t 9  |w 2019-11-19  |y BK_X  |k BRV 
952 |0 0  |1 0  |2 ddc  |4 0  |6 340_070000000000000_HER_1932  |7 0  |8 X  |9 286746  |a FDOBUD  |b FDOBUD  |d 2019-11-19  |i 1000594  |o 340.07 HER 1932  |p 1000594  |r 2019-11-19  |t 1  |w 2019-11-19  |y BK_X  |k FHP 
952 |0 0  |1 0  |2 ddc  |4 0  |6 340_070000000000000_HER_1932  |7 0  |8 X  |9 286747  |a FDOBUD  |b FDOBUD  |d 2019-11-19  |i 1009877  |o 340.07 HER 1932  |p 1009877  |r 2019-11-19  |t 2  |w 2019-11-19  |y BK_X  |k FHP 
952 |0 0  |1 0  |2 ddc  |4 0  |6 340_070000000000000_HER_1932  |7 0  |8 X  |9 286748  |a FDOBUD  |b FDOBUD  |d 2019-11-19  |i 4547667  |o 340.07 HER 1932  |p 4547667  |r 2019-11-19  |t 3  |w 2019-11-19  |y BK_X  |k FHP 
952 |0 0  |1 0  |2 ddc  |3 erb  |4 0  |5 3  |6 340_070000000000000_HER_1932  |7 1  |8 C_LRYV  |9 286749  |a FDOBRV  |b BIBDER  |i 5160464  |o 340.07 HER 1932  |p 5160464  |r 2023-01-25  |t 10  |w 2019-11-19  |y BK_X  |z Catalogado en:20150710  |k BRV 
952 |0 0  |1 0  |2 ddc  |3 erd  |4 0  |6 340_070000000000000_HER_1932  |7 0  |8 X  |9 286750  |a FDOBUD  |b FDOBUD  |i 5445116  |o 340.07 HER 1932  |p 5445116  |r 2019-11-19  |t 4  |w 2019-11-19  |y BK_X  |z Catalogado en:20171230  |k BUD